000 00800nam a2200217 i 4500
001 bg
245 0 0 _aEkologiczne uwarunkowania rozwoju gospodarczego :
_bpraca zbiorowa /
_cpod red. Anny Chmielak.
260 _aBiałystok :
_bDział Wydawnictw i Poligrafii,
_c2000.
300 _a92 s. :
_b2 il. ;
_c23 cm.
490 1 _aRozprawy Naukowe / Politechnika Białostocka,
_x0867-096X ;
_vnr 66
650 9 _aŚrodowisko człowieka
_xhigiena i ochrona
_xpolityka
650 9 _aWzrost gospodarczy
_xa środowisko człowieka
655 _aMateriały konferencyjne
700 1 _aCHMIELAK, Anna.
_eRed.
830 0 _aRozprawy Naukowe (Politechnika Białostocka) ;
_vnr 66
040 _cBPK
041 0 _apl
080 _a504.75:330.35/.36](061)
942 _cKS
008 s pl f |000 0 pol
999 _c37998
_d37998
856 _uhttp://koha.tu.koszalin.pl/cgi-bin/koha/opac-detail.pl?biblionumber=37998
_yKatalog online BPK